| 000 | 00772nam a22002537i 4500 | ||
|---|---|---|---|
| 003 | DO-SdBNP | ||
| 005 | 20250526141126.0 | ||
| 008 | 250526b2024 |||||||| |||| 00| 0 spa d | ||
| 020 | _a9789945649567 | ||
| 040 |
_aDO-SdBNP _bspa _cBNPHU _erda |
||
| 041 | _hspa | ||
| 082 |
_axxx _bP376q _222 |
||
| 100 | 1 |
_aPeguero, Kirssis _eautores _987626 |
|
| 245 | 0 | 4 |
_a¿ Qué estás pensando ? : _blectura devocionales de una experiencia de vida / _cKirssis Peguero |
| 250 | _aPrimera edición | ||
| 264 |
_aSanto Domingo : _bPrintbarato, _c2024. |
||
| 300 |
_a247 páginas ; _c22 cm |
||
| 336 |
_ardacarrier _btexto _2txt |
||
| 337 |
_ardamedia _bsin mediación _2n |
||
| 338 |
_ardacarrier _bvolumen _2nc |
||
| 590 | _aInventariado, 2025/DG | ||
| 910 | _aDG | ||
| 942 |
_2ddc _cLBS1 |
||
| 999 |
_c58902 _d58902 |
||